000
00337nam a2200145Ia 4500
008
221030s9999 xx 000 0 und d
041
_a
English
082
_a
105.23
_b
Ana
100
_a
M. R. Anand
245
0
_a
Untouchable
_c
by M. R. Anand
260
_b
Arnold Pub
_a
New Delhi
_c
1981
300
_a
182
650
_a
General
942
_c
BK
999
_c
3677
_d
3677